000 00416nam a2200181Ia 4500
008 210210b1958 xxu||||| |||| 00| 0 eng d
041 _aeng
082 _a824/295
100 _a-
245 _aShakespeare survey No 11
260 _aCambridge
_bAt the University Press.
_c1958
650 _asurvey
650 _aShakespeare
650 _aNo
650 _a11
690 _aEnglish Criticism
906 _a014245
999 _c133377
_d133377